书目信息 |
| 题名: |
信息产业与城市发展
|
|
| 作者: | 阎小培 著 | |
| 分册: | ||
| 出版信息: | 北京 科学出版社 1999.10 |
|
| 页数: | 228页 | |
| 开本: | 20cm | |
| 丛书名: | 城市发展与规划丛书 | |
| 单 册: | ||
| 中图分类: | F291 | |
| 科图分类: | ||
| 主题词: | 第四产业 , 城市经济 | |
| 电子资源: | ||
| ISBN: | 7-03-007837-3 | |
| 000 | 00702nam0 2200253 45 | |
| 001 | 0104050982 | |
| 005 | 20031219104049.3 | |
| 010 | @a7-03-007837-3@dCNY20.00 | |
| 100 | @a20010405d1999 km y0chiy0120 ea | |
| 101 | 0 | @achi |
| 105 | @a z 000yy | |
| 200 | 1 | @a信息产业与城市发展@AXin Xi Chan Ye Yu Cheng Shi Fa Zhan@f阎小培著@FYanXiao Pei Zhu |
| 210 | @a北京@c科学出版社@d1999.10 | |
| 215 | @a228页@d20cm | |
| 225 | @a城市发展与规划丛书 | |
| 410 | @12001 @a城市发展与规划丛书 | |
| 606 | 0 | @a第四产业 |
| 606 | 0 | @a城市经济 |
| 610 | 0 | @a信息产业 |
| 615 | @a经济发展 | |
| 690 | @aF291@v1 | |
| 701 | 0 | @a阎小培@4著 |
| 801 | @aCN@bTSTC@c20010514 | |
| 905 | @a213230@f5@b296293-297@dF291@e102 | |
| 信息产业与城市发展/阎小培著.-北京:科学出版社,1999.10 |
| 228页;20cm.-(城市发展与规划丛书) |
| ISBN 7-03-007837-3:CNY20.00 |
| ● |
| 相关链接 |
|
|
|
|
正题名:信息产业与城市发展
索取号:F291/102
 
预约/预借
| 序号 | 登录号 | 条形码 | 馆藏地/架位号 | 状态 | 备注 |
| 1 | 0296293 | 002962930 | 第一借阅区/ [索取号:F291/102] | 在馆 | |
| 2 | 0296294 | 002962949 | 第一借阅区/ [索取号:F291/102] | 在馆 | |
| 3 | 0296295 | 002962958 | 第一借阅区/ [索取号:F291/102] | 在馆 | |
| 4 | 0296296 | 002962967 | 第一借阅区/ [索取号:F291/102] | 在馆 | |
| 5 | 0296297 | 002962976 | 第一借阅区/ [索取号:F291/102] | 在馆 |